Building broadband Britain (Record no. 71053)
[ view plain ]
| 000 -LEADER | |
|---|---|
| fixed length control field | 01107cam a2200229 4500 |
| 001 - CONTROL NUMBER | |
| control field | ABS65841 |
| 008 - FIXED-LENGTH DATA ELEMENTS--GENERAL INFORMATION | |
| fixed length control field | 020902n2002 000 0 eng u |
| 035 ## - SYSTEM CONTROL NUMBER | |
| System control number | (Sirsi) u119523 |
| 100 ## - MAIN ENTRY--PERSONAL NAME | |
| Personal name | Morris, N. |
| 245 ## - TITLE STATEMENT | |
| Title | Building broadband Britain |
| 260 ## - PUBLICATION, DISTRIBUTION, ETC. | |
| Date of publication, distribution, etc. | 2002 |
| 490 ## - SERIES STATEMENT | |
| Series statement | Accountancy |
| Volume/sequential designation | 130(1308) August 2002, 50-51(2) |
| 520 ## - SUMMARY, ETC. | |
| Summary, etc. | Discusses the advantages associated with broadband access to the internet. Points out that it is substantially faster than using a modem, is cheaper and provides a permanent internet connection. The number of people using the technology is rising but BT's recent attempts to boost demand have had a lacklusture reponse and few small and medium enterprises are exploiting the technology. Small practitioners could benefit by being able to do business better by cutting costs and making core business proceedures much quicker. |
| 590 ## - LOCAL NOTE (RLIN) | |
| Local note | ABS |
| 650 ## - SUBJECT ADDED ENTRY--TOPICAL TERM | |
| Topical term or geographic name entry element | BROADBAND |
| 650 ## - SUBJECT ADDED ENTRY--TOPICAL TERM | |
| Topical term or geographic name entry element | SMALL AND MEDIUM SIZED ENTERPRISES |
| 650 ## - SUBJECT ADDED ENTRY--TOPICAL TERM | |
| Topical term or geographic name entry element | INTERNET ACCESS |
| 650 ## - SUBJECT ADDED ENTRY--TOPICAL TERM | |
| Topical term or geographic name entry element | DOWNLOADS |
| 650 ## - SUBJECT ADDED ENTRY--TOPICAL TERM | |
| Topical term or geographic name entry element | BRITISH TELECOM |
| 690 ## - LOCAL SUBJECT ADDED ENTRY--TOPICAL TERM (OCLC, RLIN) | |
| Topical term or geographic name as entry element | INFORMATION TECHNOLOGY-INTERNET |
| 942 ## - ADDED ENTRY ELEMENTS (KOHA) | |
| Suppress in OPAC | 0 |
| Withdrawn status | Lost status | Source of classification or shelving scheme | Damaged status | Not for loan | Home library | Current library | Shelving location | Date acquired | Total Checkouts | Full call number | Barcode | Date last seen | Copy number | Price effective from | Koha item type |
|---|---|---|---|---|---|---|---|---|---|---|---|---|---|---|---|
| Dewey Decimal Classification | London | London | Journal article | 02/09/2002 | ABS65841 | 119523-1001 | 06/08/2019 | 1 | 06/08/2019 | Journal article |